| Record ID | marc_records_scriblio_net/part05.dat:66003311:509 |
| Source | Scriblio |
| Download Link | /show-records/marc_records_scriblio_net/part05.dat:66003311:509?format=raw |
LEADER: 00509cam 22002051 4500
001 62059797
003 DLC
005 20050708210256.0
008 740919s1962 enka 000 0 eng
010 $a 62059797
015 $aGB62-4516
035 $a(OCoLC)1016081
040 $aDLC$cTxDW$dOCoLC$dUk$dDLC
042 $apremarc
050 00 $aBF1566$b.D3
100 1 $aDaraul, Arkon.
245 10 $aWitches and sorcerers.
260 $aLondon,$bF. Muller$c[1962]
300 $a270 p.$billus.$c23 cm.
650 0 $aWitchcraft.